Capitals of the states in the USA - Statistics

General Stats
  • This quiz has been taken 156 times
    150 since last reset
  • The average score is 42 of 50
Answer Stats
Question Answer % Correct
What is the capital of Georgia? Atlanta
100%
What is the capital of Massachusetts? Boston
100%
What is the capital of Colorado? Denver
100%
What is the capital of Indiana? Indianapolis
100%
What is the capital of West Virginia? Charleston
94%
What is the capital of Wyoming? Cheyenne
94%
What is the capital of Hawaii? Honolulu
94%
What is the capital of Alaska? Juneau
94%
What is the capital of Oklahoma? Oklahoma City
94%
What is the capital of Arizona? Pheonix
94%
What is the capital of Utah? Salt Lake City
94%
What is the capital of Ohio? Columbus
88%
What is the capital of Mississippi? Jackson
88%
What is the capital of Alabama? Montegomery
88%
What is the capital of Rhode Island? Providence
88%
What is the capital of New Mexico? Santa Fe
88%
What is the capital of Minnesota? St. Paul
88%
What is the capital of Florida? Tallahassee
88%
What is the capital of Maine? Augusta
82%
What is the capital of Texas? Austin
82%
What is the capital of Louisiana? Baton Rouge
82%
What is the capital of Idaho? Boise
82%
What is the capital of Nevada? Carson City
82%
What is the capital of South Carolina? Columbia
82%
What is the capital of Iowa? Des Moines
82%
What is the capital of Delaware? Dover
82%
What is the capital of Connecticut? Hartford
82%
What is the Capital of Montana? Helena
82%
What is the capital of Missouri? Jefferson City
82%
What is the capital of Arkansas? Little Rock
82%
What is the capital of Wisconsin? Madison
82%
What is the capital of Vermont? Montpelier
82%
What is the capital of Washington? Olympia
82%
What is the capital of Virginia? Richmond
82%
What is the capital of California? Sacramento
82%
What is the capital of Illinois? Springfield
82%
What is the capital of New Jersey Trenton
82%
What is the capital of North Dakota? Bismark
76%
What is the Capital of New Hampshire? Concord
76%
What is the capital of Pennsylvania? Harrisburg
76%
What is the capital of Michigan? Lansing
76%
What is the capital of Nebraska? Lincoln
76%
What is the capital of Tennessee? Nashville
76%
What is the capital of South Dakota? Pierre
76%
What is the capital of North Carolina? Raleigh
76%
What is the capital of Oregon? Salem
76%
What is the capital of Maryland? Annapolis
71%
What is the capital of Kansas Topeka
71%
What is the capital of New York? Albany
65%
What is the capital of Kentucky? Frankfort
59%
No matching quizzes found
Score Distribution
Percent of People with Each Score
Percentile by Number Answered
Your Score History
You have not taken this quiz since the last reset